La pintura española / (Record no. 124464)
[ view plain ]
| 000 -LEADER | |
|---|---|
| campo de control de longitud fija | 00769nam a2200241 i 4500 |
| 001 - NÚMERO DE CONTROL | |
| campo de control | 124464 |
| 003 - IDENTIFICADOR DE NÚMERO DE CONTROL | |
| campo de control | ES-MaACL |
| 005 - FECHA Y HORA DE LA ÚLTIMA TRANSACCIÓN | |
| campo de control | 20250930063119.0 |
| 007 - CAMPO FIJO DE DESCRIPCIÓN FÍSICA--INFORMACIÓN GENERAL | |
| campo de control de longitud fija | t| |
| 008 - DATOS DE LONGITUD FIJA--INFORMACIÓN GENERAL | |
| campo de control de longitud fija | 070327s1937 sp ||||1| spa d |
| 080 ## - NÚMERO DE LA CLASIFICACIÓN DECIMAL UNIVERSAL | |
| Número de la Clasificación Decimal Universal | 75(46)(022) |
| 100 1# - ENTRADA PRINCIPAL--NOMBRE DE PERSONA | |
| Nombre de persona | Mayer, August Liebmann, |
| Fechas asociadas al nombre | 1885-1944 |
| 9 (RLIN) | 79345 |
| 245 13 - MENCIÓN DEL TÍTULO | |
| Título | La pintura española / |
| Mención de responsabilidad, etc. | August L. Mayer ; traducción de Manuel Sánchez Sarto. |
| 260 ## - PUBLICACIÓN, DISTRIBUCIÓN, ETC. | |
| Lugar de publicación, distribución, etc. | Barcelona : |
| Nombre del editor, distribuidor, etc. | Labor, |
| Fecha de publicación, distribución, etc. | [1937] |
| 300 ## - DESCRIPCIÓN FÍSICA | |
| Extensión | 238 p., I-LXXII p. de lám. ; |
| Dimensiones | 17 cm. |
| 490 1# - MENCIÓN DE SERIE | |
| Mención de serie | Colección Labor ; |
| Designación de volumen o secuencia | 73, 74 |
| 500 ## - NOTA GENERAL | |
| Nota general | Sin portada. |
| 650 #7 - PUNTO DE ACCESO ADICIONAL DE MATERIA--TÉRMINO DE MATERIA | |
| Término de materia o nombre geográfico como elemento de entrada | Pintura española |
| Fuente del encabezamiento o término | embne |
| 9 (RLIN) | 16033 |
| 700 1# - ENTRADA AGREGADA--NOMBRE PERSONAL | |
| Nombre de persona | Sánchez Sarto, Manuel. |
| 9 (RLIN) | 102931 |
| 830 00 - PUNTO DE ACCESO ADICIONAL DE SERIE-TÍTULO UNIFORME | |
| Título uniforme | Colección Labor |
| Designación de volumen o secuencia | 73, 74 |
| 9 (RLIN) | 184254 |
| 852 ## - LOCALIZACIÓN | |
| Ubicación | ES-MaACL |
| Número de control de estantería | E-2614 |
| Estatus retirado | Estado de pérdida | Estado de daño | No para préstamo | Biblioteca de origen | Biblioteca actual | Ubicación en estantería | Fecha de adquisición | Fuente de adquisición | Total de préstamos | Signatura topográfica completa | Código de barras | Visto por última vez | Precio de reemplazo | Tipo de ítem Koha |
|---|---|---|---|---|---|---|---|---|---|---|---|---|---|---|
| Biblioteca del Ateneo de Madrid | Biblioteca del Ateneo de Madrid | Depósito 2 | 17/01/2008 | E-2614 | 1129675 | 23/02/2023 | 23/02/2023 | Libro impreso |
